000 00651cam a22002172 4500
001 0000003843
005 20151217151936.0
008 070515s xx 000 0 eng d
020 _a0471955558 :
_cGBP 43.95
040 _aKABU
_cKABU
050 0 _aQC808.5
_b.R49
100 1 _aReynolds, John M.
_@0000154043
245 1 3 _aAn Introduction to applied and environmental geophysics.
260 _aNew York :
_bJohn Wiley,
_c1997.
300 _aix, 796 p.
650 0 _aGeophysics
_xTechniques.
_@0000154044
650 0 _aSeismology
_xTechniques.
_@0000154045
908 _a070515
950 _@1
999 _c6560
_d6560